<?xml version="1.0" encoding="UTF-8"?>
<marc:record xmlns:marc="http://www.loc.gov/MARC21/slim">
   <marc:leader>00000nam a2200000 a 4500</marc:leader>
   <marc:datafield ind1="1" ind2=" " tag="100">
      <marc:subfield code="a">Steel, Danielle</marc:subfield>
      <marc:subfield code="4">aut</marc:subfield>
      <marc:subfield code="e">Verfasser/-in</marc:subfield>
   </marc:datafield>
   <marc:datafield ind1="0" ind2="0" tag="245">
      <marc:subfield code="a">Rendezvous</marc:subfield>
   </marc:datafield>
   <marc:datafield ind1="0" ind2="0" tag="245">
      <marc:subfield code="c">Danielle Steel</marc:subfield>
   </marc:datafield>
   <marc:datafield ind1=" " ind2="1" tag="264">
      <marc:subfield code="a">München</marc:subfield>
      <marc:subfield code="b">Knaur</marc:subfield>
      <marc:subfield code="c">2005</marc:subfield>
   </marc:datafield>
   <marc:datafield ind1="1" ind2=" " tag="520">
      <marc:subfield code="a">Aus heiterem Himmel wird die attraktive Paris Armstrong nach 24 Ehejahren von ihrem Mann verlassen. Ihre Freunde wollen sie auf andere Gedanken bringen und organisieren ihr in bester Absicht eine endlose Kette von Rendezvous. Paris macht widerwillig mit, lernt ehrenhafte Langeweiler und untreue Lebemänner kennen, lässt sich sogar auf eine Affäre mit einem viel zu jungen, viel zu hübschen Franzosen ein - und erkennt schließlich, dass sie sich erst einmal um ihr eigenes Leben kümmern sollte. Tatsächlich: ein neues Haus, ein neuer Job, eine neue Aufgabe, und schon hat Paris das Gefühl, dass Männer das Überflüssigste auf der Welt sind!&lt;br/&gt;&lt;br/&gt;Doch dann heiratet ihre älteste Tochter, und ausgerechnet Paris fängt den Brautstrauß auf...</marc:subfield>
   </marc:datafield>
   <marc:datafield ind1=" " ind2=" " tag="041">
      <marc:subfield code="a">ger</marc:subfield>
   </marc:datafield>
   <marc:datafield ind1="1" ind2=" " tag="521">
      <marc:subfield code="a">0</marc:subfield>
   </marc:datafield>
</marc:record>
